00403nam a2200157 a 45000010005000000030009000050080041000140200015000550400028000700820010000981000017001082450040001252600030001653000014001956500036002098536CO-ViMGA141112s2004 ck r 000 u spa d a8448010426 aCO-ViMGAbspacCO-ViMGA04aSMEtc1 aSMEE, NICOLA10aLOS TRES CONEJITOS / cSMEE NICOLA  aBARCELONA, cCEAC, c1996 a10 p. il.14aCUENTOS INFANTILES - MARIONETAS